The Usborne illustrated handbook of invention & discovery : the facts you need to know-at a glance
| Main Author: | |
|---|---|
| Format: | Book |
| Published: |
London :
Usborne Publishing Ltd. ,
1986
|
| Subjects: |
MARC
| LEADER | 00000cam a2200000 7i4500 | ||
|---|---|---|---|
| 001 | 0000007844 | ||
| 002 | 000008417 | ||
| 005 | 20000330.0 | ||
| 020 | |a 0860209563 | ||
| 090 | 0 | 0 | |a 001.56 |b REI |
| 100 | 1 | |a Reid, Struan | |
| 245 | 1 | 0 | |a The Usborne illustrated handbook of invention & discovery : |b the facts you need to know-at a glance |c Struan Reid |
| 260 | |a London : |b Usborne Publishing Ltd. , |c 1986 | ||
| 300 | |a 128 p. : |b ill. ; |c 21 cm. | ||
| 650 | 0 | 0 | |a Inventions |
| 650 | 0 | 0 | |a Technology |
| 999 | |a 047794 |b BUKU |c PINJAMAN |e PERPUSTAKAAN KOMUNITI PETALING JAYA | ||